000 00634nam a2200241Ia 4500
003 OSt
005 20220918214212.0
006 a|||||r|||| 00| 0
007 ta
008 220917b |||||||| |||| 00| 0 eng d
024 _a136,275
037 _cTextual
040 _aARTS
_cARTS
_beng
041 _2eng
_aeng
082 _aX:8J, M1
100 _aChambers Andrew D
_9130203
245 0 _aInternal auditing
_b theory and practice
260 _aGreat
_bBritian Pitman
_c1981
300 _axiii,368p.
_ccm.
650 _aECONOMICS
942 _hX:8J, M1
_cTEXL
_2CC
999 _c259365
_d259365